| 000 | 00498nam a2200181Ia 4500 | ||
|---|---|---|---|
| 001 | 20496 | ||
| 005 | 20260306172810.0 | ||
| 008 | 260306t2015||||xx |||||||||||||| ||spa|| | ||
| 041 | _aESP | ||
| 082 |
_a343.332 _bT52 |
||
| 100 |
_aTicona Postigo, Víctor _eAUT |
||
| 245 | 0 |
_aMensaje a la nación del doctor Víctor Ticona Postigo: _bpresidente del Poder Judicial 2015-2016 |
|
| 260 | _c2015 | ||
| 300 |
_a38 páginas : _c24 cm. |
||
| 650 | _aGEN | ||
| 654 | _aCDE | ||
| 942 |
_cLIB _dJUS _fJUS _2ddc _n |
||
| 999 |
_c20496 _d20496 |
||